| 000 | 00611nam a2200229 a 4500 | ||
|---|---|---|---|
| 001 | BRCA_4690 | ||
| 005 | 20190320204752.0 | ||
| 008 | 011010s1950----u--a######---#000-0#eng-# | ||
| 041 | _aeng | ||
| 044 | _au | ||
| 050 | 4 |
_aNK2812 _b.R54 1950 |
|
| 100 | 1 |
_aRies, Estelle H. _911901 |
|
| 245 | 1 | 0 |
_aAmerican Rugs _cEstelle H. Ries. |
| 260 |
_aCleveland, Ohio _bWorld _c1950 |
||
| 300 |
_a63 p. _bil. (algunas a color) _c19 cm. |
||
| 500 | _aIncluye índice de ilustraciones | ||
| 500 | _aD62 | ||
| 504 | _aBibliografía: p. 63 | ||
| 650 | 1 | 4 |
_aTapetes _zEstados Unidos _911902 |
| 902 | _aGFM | ||
| 942 |
_2lcc _cB |
||
| 999 |
_c4390 _d4390 |
||